000 00559nam a22001937a 4500
005 20251108171800.0
008 250721s1989 xx 000 0 ara d
082 1 4 _a375/صال
100 1 _aهندي، صالح ذياب
245 1 0 _aتخطيط المنهج و تطويرها /
264 1 _aعمان :
_bدار الفكر للنشر،
_c1989.
300 _a383ص
650 1 7 _aالتعلم
650 1 7 _aالمناهج
700 1 _aعليان، هشام عامر
700 1 _aمصلح، عدنان عارف
942 _2ddc
_cBK
999 _c62359
_d62359